| 000 | 00483nam a2200157Ia 4500 | ||
|---|---|---|---|
| 008 | 230907s9999||||xx |||||||||||||| ||und|| | ||
| 082 |
_a620 _bHAF |
||
| 100 |
_aHafsa Ijaz (00000274681) _9116626 |
||
| 245 | 0 | _aLocal Voltage Control Strategy in Grid Integrated PV-Battery Storage System / | |
| 260 |
_aUSPCAS-E, NUST, _bIslamabad : _c2021 |
||
| 300 | _axiv, 63 p | ||
| 520 | _aTH-304 | ||
| 650 |
_aMS-ESE Thesis _9116627 |
||
| 700 |
_aDr. Mustafa Anwar _9117892 |
||
| 942 |
_cTHE _2ddc |
||
| 999 |
_c601982 _d601982 |
||